| 000 | 00386nam a2200169Ia 4500 | ||
|---|---|---|---|
| 001 | 30026 | ||
| 003 | IN-NITTTR | ||
| 005 | 20251114233407.0 | ||
| 008 | 251113s9999||||xx |||||||||||||| ||eng|| | ||
| 040 | _beng | ||
| 040 | _cIN-NITTTR | ||
| 041 | _aeng | ||
| 082 | _a621.48 A43N | ||
| 100 | _aAngelo, Joseph A. | ||
| 245 | 0 |
_aNuclear technology / _cAngelo, Joseph A. |
|
| 942 |
_2ddc _cBK |
||
| 999 |
_c32654 _d32654 |
||